Letter Pyramid - Harry Potter Surnames Quiz Stats

 Plays Quiz Updated Oct 7, 2019

Score 0/225 Timer 01:30
50 Plays Today
% Correct
XXXXXXXXXXXX
100%
XXXXXXXXXXXX
99.5%
XXXXXXXXXXXX
99.5%
XXXXXXXXXXXX
99.5%
XXXXXXXXXXXX
99.5%
XXXXXXXXXXXX
99.5%
XXXXXXXXXXXX
99.5%
XXXXXXXXXXXX
99.5%
XXXXXXXXXXXX
99.5%
Potter
76%
Potter
76%
Potter
76%
Potter
76%
Potter
76%
Potter
76%
Potter
76%
Potter
76%
Potter
76%
Potter
76%
Potter
76%
Potter
76%
Potter
76%
Potter
76%
Potter
76%
Potter
76%
Potter
76%
Potter
76%
Weasley
74.5%
Weasley
74.5%
Weasley
74.5%
Weasley
74.5%
Weasley
74.5%
Weasley
74.5%
Weasley
74.5%
Weasley
74.5%
Weasley
74.5%
Weasley
74.5%
Weasley
74.5%
Weasley
74.5%
Weasley
74.5%
Weasley
74.5%
Weasley
74.5%
Weasley
74.5%
Weasley
74.5%
Weasley
74.5%
Weasley
74.5%
Weasley
74.5%
Weasley
74.5%
Dumbledore
72.1%
Dumbledore
72.1%
Dumbledore
72.1%
Dumbledore
72.1%
Dumbledore
72.1%
Dumbledore
72.1%
Dumbledore
72.1%
Dumbledore
72.1%
Dumbledore
72.1%
Dumbledore
72.1%
Dumbledore
72.1%
Dumbledore
72.1%
Dumbledore
72.1%
Dumbledore
72.1%
Dumbledore
72.1%
Dumbledore
72.1%
Dumbledore
72.1%
Dumbledore
72.1%
Dumbledore
72.1%
Dumbledore
72.1%
Dumbledore
72.1%
Dumbledore
72.1%
Dumbledore
72.1%
Dumbledore
72.1%
Dumbledore
72.1%
Dumbledore
72.1%
Dumbledore
72.1%
% Correct
Dumbledore
72.1%
Dumbledore
72.1%
Dumbledore
72.1%
Snape
71.8%
Snape
71.8%
Snape
71.8%
Snape
71.8%
Snape
71.8%
Snape
71.8%
Snape
71.8%
Snape
71.8%
Snape
71.8%
Snape
71.8%
Snape
71.8%
Snape
71.8%
Snape
71.8%
Snape
71.8%
Snape
71.8%
Lovegood
56.6%
Lovegood
56.6%
Lovegood
56.6%
Lovegood
56.6%
Lovegood
56.6%
Lovegood
56.6%
Lovegood
56.6%
Lovegood
56.6%
Lovegood
56.6%
Lovegood
56.6%
Lovegood
56.6%
Lovegood
56.6%
Lovegood
56.6%
Lovegood
56.6%
Lovegood
56.6%
Lovegood
56.6%
Lovegood
56.6%
Lovegood
56.6%
Lovegood
56.6%
Lovegood
56.6%
Lovegood
56.6%
Lovegood
56.6%
Lovegood
56.6%
Lovegood
56.6%
Lestrange
46.5%
Lestrange
46.5%
Lestrange
46.5%
Lestrange
46.5%
Lestrange
46.5%
Lestrange
46.5%
Lestrange
46.5%
Lestrange
46.5%
Lestrange
46.5%
Lestrange
46.5%
Lestrange
46.5%
Lestrange
46.5%
Lestrange
46.5%
Lestrange
46.5%
Lestrange
46.5%
Lestrange
46.5%
Lestrange
46.5%
Lestrange
46.5%
Lestrange
46.5%
Lestrange
46.5%
Lestrange
46.5%
Lestrange
46.5%
Lestrange
46.5%
Lestrange
46.5%
Lestrange
46.5%
Lestrange
46.5%
Lestrange
46.5%
Krum
40.1%
Krum
40.1%
Krum
40.1%
Krum
40.1%
Krum
40.1%
Krum
40.1%
% Correct
Krum
40.1%
Krum
40.1%
Krum
40.1%
Krum
40.1%
Krum
40.1%
Krum
40.1%
Gregorovitch
21%
Gregorovitch
21%
Gregorovitch
21%
Gregorovitch
21%
Gregorovitch
21%
Gregorovitch
21%
Gregorovitch
21%
Gregorovitch
21%
Gregorovitch
21%
Gregorovitch
21%
Gregorovitch
21%
Gregorovitch
21%
Gregorovitch
21%
Gregorovitch
21%
Gregorovitch
21%
Gregorovitch
21%
Gregorovitch
21%
Gregorovitch
21%
Gregorovitch
21%
Gregorovitch
21%
Gregorovitch
21%
Gregorovitch
21%
Gregorovitch
21%
Gregorovitch
21%
Gregorovitch
21%
Gregorovitch
21%
Gregorovitch
21%
Gregorovitch
21%
Gregorovitch
21%
Gregorovitch
21%
Gregorovitch
21%
Gregorovitch
21%
Gregorovitch
21%
Gregorovitch
21%
Gregorovitch
21%
Gregorovitch
21%
Shacklebolt
21%
Shacklebolt
21%
Shacklebolt
21%
Shacklebolt
21%
Shacklebolt
21%
Shacklebolt
21%
Shacklebolt
21%
Shacklebolt
21%
Shacklebolt
21%
Shacklebolt
21%
Shacklebolt
21%
Shacklebolt
21%
Shacklebolt
21%
Shacklebolt
21%
Shacklebolt
21%
Shacklebolt
21%
Shacklebolt
21%
Shacklebolt
21%
Shacklebolt
21%
Shacklebolt
21%
Shacklebolt
21%
Shacklebolt
21%
Shacklebolt
21%
Shacklebolt
21%
Shacklebolt
21%
Shacklebolt
21%
Shacklebolt
21%
Shacklebolt
21%
Shacklebolt
21%
Shacklebolt
21%
Shacklebolt
21%
Shacklebolt
21%
Shacklebolt
21%

You're not logged in!

Compare scores with friends on all Sporcle quizzes.
OR
Log In

Sporcle TV

Today on Sporcle TV


Watch our educational content, quiz creation guides, and fun videos on Sporcle TV.

Show Comments

Extras

Top Quizzes Today


Score Distribution

Your Account Isn't Verified!

In order to create a playlist on Sporcle, you need to verify the email address you used during registration. Go to your Sporcle Settings to finish the process.

Report this User

Report this user for behavior that violates our Community Guidelines.

Details: